Cow's supreme mahimas / (Record no. 19962)

MARC details
000 -LEADER
fixed length control field 00746nam a22001937a 4500
008 - FIXED-LENGTH DATA ELEMENTS--GENERAL INFORMATION
fixed length control field 081217t xxu||||| |||| 00| 0 eng d
010 ## - LCCN (DPL NO)
LC control number ENG-92222
020 ## - INTERNATIONAL STANDARD BOOK NUMBER
Terms of availability 200.00
035 ## - SYSTEM CONTROL NUMBER
System control number EN-75755
037 ## - SOURCE OF ACQUISITION
Source of stock number/acquisition DBAD / PUB
040 ## - CATALOGING SOURCE
Original cataloging agency dpl
Language of cataloging English
082 ## - DEWEY DECIMAL CLASSIFICATION NUMBER
Classification number 181.46
100 ## - MAIN ENTRY--PERSONAL NAME
Personal name Raghavendran, Tamraparni Subbachar
245 ## - TITLE STATEMENT
Title Cow's supreme mahimas /
Statement of responsibility, etc by Tamraparni Subbachar Raghavendran
260 ## - PUBLICATION, DISTRIBUTION, ETC. (IMPRINT)
Place of publication, distribution, etc Tiruchanur
Name of publisher, distributor, etc Sri Madhva Siddhanta Onnahini Sabha
300 ## - PHYSICAL DESCRIPTION
Extent xxvi, 438p.:
Other physical details col. photos
Dimensions 22cm (pbk)
942 ## - ADDED ENTRY ELEMENTS (KOHA)
Source of classification or shelving scheme Dewey Decimal Classification
Item type English Books
Call number suffix RAG
Classification part 181.46
Holdings
Withdrawn status Lost status Source of classification or shelving scheme Damaged status Not for loan Collection code Home library Current library Date acquired Source of acquisition Cost, normal purchase price Total Checkouts Full call number Barcode Date last seen Copy number Cost, replacement price Koha item type
    Dewey Decimal Classification   Not For Loan Non-fiction D.B.Act.Division D.B.Act.Division 17/12/2008 DBAD / PUb 200.00   181.46 RAG EN-75755 17/12/2008 1 200.00 English Books

© Delhi Public Library
Hit Counter
free hit counter